000 00489nam a2200181Ia 4500
008 090123s9999 xx 000 0 und d
082 _b40803
100 _aओक जनार्दन
245 _aहारजीत
250 _a0
260 _bमेघना प्रकाशन
_c2007
300 _a264
600 _aओक जनार्दन
630 _aहारजीत
700 _aओक जनार्दन
730 _aहारजीत
942 _cBOOK
999 _c78879
_d78879